Abd el Kader /
Saved in:
Main Author:
Format: Book
Language: French
Published:
Paris :
Librairie de France,
1931.
Subjects:
Tags: Add Tag
No Tags, Be the first to tag this record!
Call Number: DT294.7 .A3 E25
| LEADER | 00751nam a22002177a 4500 | ||
|---|---|---|---|
| 003 | OSt | ||
| 005 | 20260420172602.0 | ||
| 008 | 260420t1931 fr af b 000 0bfre d | ||
| 040 | |c ARCE Library | ||
| 043 | |a f-ae--- | ||
| 050 | 1 | 4 | |a DT294.7 .A3 |b E25 |
| 100 | 1 | |a Estailleur-Chanteraine, Philippe d', |d 1894-1965. |e author |9 29689 | |
| 245 | 1 | 0 | |a Abd el Kader / |c Ph. d'Estailleur-Chanteraine. |
| 264 | 1 | |a Paris : |b Librairie de France, |c 1931. | |
| 300 | |a vi, 345 pages, [7] leaves of plates : |b illustrations ; |c 28 cm. | ||
| 504 | |a Includes bibliographical references. | ||
| 600 | 0 | 0 | |a ʻAbd al-Qādir ibn Muḥyī al-Dīn, |c Amir of Mascara, |d 1807?-1883. |
| 651 | 0 | |a Algeria |x History |y 1830-1962. | |
| 901 | |a reviewed | ||
| 942 | |c BK |2 lcc | ||
| 999 | |c 23119 |d 23119 | ||
